In search of Victorian values : aspects of nineteenth-century thought and society /

Bibliographic Details
Other Authors: Sigsworth, Eric M.
Format: Book
Language:English
Published: Manchester [Greater Manchester] ; New York : Manchester University Press ; [1988]
Subjects:

MARC

Tag First Indicator Second Indicator Subfields
LEADER 00000cam a2200000 a 4500
001 in00000740621
005 20151016084647.0
008 871231s1988 enka b 00100 eng
010 |a  87036709  
020 |a 0719025699 :  |c $35.00 (U.S. : est.) 
035 |a (OCoLC)17413450 
035 |9 ADG9907AM 
040 |a DLC  |c DLC  |d TXA  |d UtOrBLW 
043 |a e-uk-en 
049 |a TXAM  |c [A11660771] 
050 0 0 |a HN398.E5  |b I5 1988 
082 0 |a 306/.0942  |2 19 
245 0 0 |a In search of Victorian values :  |b aspects of nineteenth-century thought and society /  |c edited by Eric M. Sigsworth. 
264 1 |a Manchester [Greater Manchester] ;  |a New York :  |b Manchester University Press ;  |c [1988] 
264 2 |a New York :  |b Distributed exclusively in the U.S.A. and Canada by St. Martin's Press, 
264 4 |c ©1988 
300 |a v, 202 pages :  |b illustrations ;  |c 22 cm. 
336 |a text  |b txt  |2 rdacontent 
337 |a unmediated  |b n  |2 rdamedia 
338 |a volume  |b nc  |2 rdacarrier 
504 |a Includes bibliographies and index. 
651 0 |a England  |x Social conditions  |y 19th century. 
651 0 |a England  |x Moral conditions. 
650 0 |a Social values  |x History  |y 19th century. 
700 1 |a Sigsworth, Eric M. 
999 |a MARS 
999 f f |s ea770ac5-f024-3ae2-b714-32c75a5d0e4a  |i 7a2c3263-384a-3e5a-a07b-692f194b7fa3  |t 0 
952 f f |p ric  |a Texas A&M University  |b Rellis Campus  |c Joint Library Facility  |d Remote Storage  |t 0  |e HN398.E5 I5 1988  |h Library of Congress classification  |i unmediated -- volume  |m A14811660771 
998 f f |a HN398.E5 I5 1988  |t 0  |l Remote Storage